Текст томруулах:    
Muscovy and the Mongols (Бичлэгийн дугаар. 144238)
000 -УДИРДЛАГА
Удирдлага 02076nam a2200433 4500
003 - ХЯНАЛТЫН ТОО ТОДОРХОЙЛОГЧ
Код MN-UlNUM
005 - БИЧИЛТ ХИЙСЭН ОГНОО
Тухайн бичилтийг бичсэн засварласан сүүлийн огноо 20250930165541.0
008 - ЕРӨНХИЙ МЭДЭЭЛЭЛ
Ерөнхий мэдээлэл 250917s2002 enk||||| |||| 00| | eng d
020 ## - ISBN
ISBN 9780521894104
084 ## - ББК АНГИЛАЛ
Нэмэлт тусгалт Нэг сэдэвт бүтээл
Мэдлэгийн ялгаа 63 - Түүх
ББК ангилал 63.3(2+1)
Зохиогчийн гурван тэмдэгт O-88
100 1# - ЗОХИОГЧ
Зохиогчийн нэр Ostrowski Donald
240 ## - Шифр - Номын наалт, тайланд хэрэглэх
Ангилалын дугаар /Зохиогчийн 3 тэмдэгт 63.3(2+1) O-88
245 12 - ҮНДСЭН ГАРЧИГ
Номын нэр Muscovy and the Mongols
Бага гарчгийн мэдээ Cross-cultural influences on the steppe frontier, 1304-1589
260 ## - ГАРАЛТЫН МЭДЭЭ
Хэвлэгдсэн газар Cambridge
Хэвлэлийн газар Cambridge University Press
Хэвлэгдсэн он 2002
300 ## - МАТЕРИАЛЫН ТОДОРХОЙЛОЛТ
хуудасны тоо xvi, 329 p. ;
Хэмжээ 24 cm
500 ## - Тайлбар
Дансны дугаар ГФ 20846
505 ## - Агуулгын тэмдэглэгээ
Агуулгын тэмдэглэгээ In this innovative and challenging study, Donald Ostrowski adds fresh and important insights to a pivotally important yet poorly understood subject--Mongol influence on Muscovy. Ostrowski considers here the outside origins and influences, as well as the indigenous origins and development, and shows that during the early period of Muscovy the dominant outside influences came through both Byzantium and the Qipchaq Khanate with its capital at Sarai. In considering these outside influences, Ostrowski has set out to study Muscovy as an integral and important part of world history.
546 ## - ХЭЛНИЙ ТУХАЙ МЭДЭЭ
Хэл Англи хэл дээр,
653 ## - Түлхүүр үг
Түлхүүр үг history
653 ## - Түлхүүр үг
Түлхүүр үг Mongols and Russia
653 ## - Түлхүүр үг
Түлхүүр үг Muscovy history
653 ## - Түлхүүр үг
Түлхүүр үг Foreign influences of Russian civilization
740 ## - НОМЫН ГАРЧИГ
Гарчиг Mongol influence: what's what and what's not
740 ## - НОМЫН ГАРЧИГ
Гарчиг Setting the scene
740 ## - НОМЫН ГАРЧИГ
Гарчиг Administration, political institutions, and the military
740 ## - НОМЫН ГАРЧИГ
Гарчиг Seclusion of women
740 ## - НОМЫН ГАРЧИГ
Гарчиг Oriental despotism
740 ## - НОМЫН ГАРЧИГ
Гарчиг Economic oppression
740 ## - НОМЫН ГАРЧИГ
Гарчиг Development of an anti-Tatar ideology in the Muscovite Church
740 ## - НОМЫН ГАРЧИГ
Гарчиг Defining ideology
740 ## - НОМЫН ГАРЧИГ
Гарчиг Anti-Tatar interpolations in the Rus' chronicles
740 ## - НОМЫН ГАРЧИГ
Гарчиг Fashioning the khan into a basileus
740 ## - НОМЫН ГАРЧИГ
Гарчиг Byzantine political thought and Muscovy
740 ## - НОМЫН ГАРЧИГ
Гарчиг Third Rome: Delimiting the ruler's power and authority
740 ## - НОМЫН ГАРЧИГ
Гарчиг The myth of the "Tatar yoke"
740 ## - НОМЫН ГАРЧИГ
Гарчиг Addendum: types of cross-cultural influence
942 ## - ЭЛЕМЕНТИЙН ТӨРӨЛ
Зүйлийн төрөл Ном